| 000 | 01055nam a2200313Ia 4500 | ||
|---|---|---|---|
| 003 | GCL | ||
| 008 | 140319s9999 xx 000 0 ara d | ||
| 020 | _a8208901977 | ||
| 040 |
_aGCL / _cGCL |
||
| 082 | 0 | 4 |
_a540.1 _bه ت |
| 100 | 1 | _aهيس ، فرد س | |
| 245 | 1 | 0 |
_aتبسيط الكيمياء / _cهيس ، فرد س |
| 700 | 1 | _aكير ، رينالد | |
| 700 | 1 | _aوليم ابراهيم عوض | |
| 260 |
_aالقاهرة : _bالهيئة المصرية العامة للكتاب ، _c1989 |
||
| 300 |
_a416 ص ؛ _c24 سم |
||
| 650 | 0 | 4 | _aالكيمياء |
| 650 | 0 | 4 | _aالذرات |
| 650 | 0 | 4 | _aالكيمياء العضوية |
| 650 | 0 | 4 | _aالكيمياء الفيزيائية |
| 650 | 0 | 4 | _aالفلزات |
| 650 | 0 | 4 | _aالغلاف الجوى الكيميائى |
| 650 | 0 | 4 | _aسبك المعادن |
| 650 | 0 | 4 | _aالعناصر الكميائية |
| 650 | 0 | 4 | _aالكيمياء النووية |
| 650 | 0 | 4 | _aالكيمياء الكهربائية |
| 650 | 0 | 4 | _aالمحاليل الكيميائية |
| 942 |
_2ddc _cBK |
||
| 999 |
_c27710 _d27710 |
||